Normal view
MARC view
Entry Personal Name
001 - CONTROL NUMBER
- control field: 215939
003 - CONTROL NUMBER IDENTIFIER
- control field: OSt
005 - DATE AND TIME OF LATEST TRANSACTION
- control field: 20250624152846.0
008 - FIXED-LENGTH DATA ELEMENTS
- fixed length control field: 250624|| aca||aabn | a|a d
040 ## - CATALOGING SOURCE
- Original cataloging agency: OSt
- Transcribing agency: OSt
100 ## - HEADING--PERSONAL NAME
- Personal name: Pinto, Jeevan
670 ## - SOURCE DATA FOUND
- Source citation: Work cat.: (OSt)234525: Dhanyashre K. 222103 215938, Face recognition -based attendance system /, 2024.